[Event "Quebec op U1200"]
[Site "Montreal"]
[Date "2016.07.28"]
[Round "7.1"]
[White "Roussel, Lauriane"]
[Black "Philogene, Joliet"]
[Result "1/2-1/2"]
[WhiteElo "1159"]
[BlackElo "923"]
[PlyCount "81"]
[EventDate "2016.07.23"]
[EventType "swiss"]
[EventRounds "8"]
[EventCountry "CAN"]
[SourceTitle "EXT 2022"]
[Source "ChessBase"]
[SourceDate "2021.10.06"]
[SourceVersion "1"]
[SourceVersionDate "2021.10.06"]
[SourceQuality "1"]

1. e4 e5 2. Nf3 Nc6 3. Bc4 Nd4 4. 0-0 Bc5 5. Nxd4 Bxd4 6. c3 Bb6 7. d4 Qh4 8. Qf3 Qf6 9. Qxf6 Nxf6 10. dxe5 Nxe4 11. Nd2 d5 12. Bxd5 Nc5 13. Nf3 h6 14. b4 Nd3 15. c4 Nxb4 16. Ba3 Nc2 17. Bb2 Bc5 18. Rad1 c6 19. Be4 Nb4 20. Ba3 a5 21. Nd4 0-0 22. Nb3 Ba7 23. Rd2 Be6 24. Nxa5 Bc5 25. Nxb7 Rxa3 26. Nxc5 Bxc4 27. Nd7 Re8 28. Rc1 Rxa2 29. Rxa2 Bxa2 30. f4 Bd5 31. Bxd5 cxd5 32. Rd1 Rd8 33. Nc5 d4 34. Kf2 g6 35. Rd2 d3 36. g3 Rd5 37. Nb3 Nc2 38. Nc1 Nb4 39. Ke3 Nc2+ 40. Kf2 Nb4 41. Ke3 1/2-1/2

[Event "Quebec-ch B U20 Pepsico"]
[Site "Montreal"]
[Date "2012.02.10"]
[Round "1"]
[White "Saha, Ananda"]
[Black "Roussel, Lauriane"]
[Result "1-0"]
[WhiteElo "1351"]
[BlackElo "1003"]
[PlyCount "147"]
[EventDate "2012.02.10"]
[EventType "swiss"]
[EventRounds "5"]
[EventCountry "CAN"]
[SourceTitle "EXT 2022"]
[Source "ChessBase"]
[SourceDate "2021.10.06"]
[SourceVersion "1"]
[SourceVersionDate "2021.10.06"]
[SourceQuality "1"]

1. d4 d5 2. c4 e6 3. Nc3 Nf6 4. cxd5 Nxd5 5. e4 Nb6 6. Nf3 Nc6 7. Bb5 Bd7 8. Bf4 a6 9. Ba4 Nxa4 10. Qxa4 Nb4 11. Qd1 c5 12. a3 cxd4 13. Nxd4 Nc6 14. Nxc6 Bxc6 15. Qxd8+ Rxd8 16. 0-0 Be7 17. Rad1 0-0 18. Bc7 Rc8 19. Bb6 Bf6 20. Bd4 Bxd4 21. Rxd4 Rfd8 22. Rfd1 Rxd4 23. Rxd4 h6 24. h3 Rc7 25. e5 Rd7 26. Rxd7 Bxd7 27. Ne4 Bc6 28. Nc5 a5 29. Kf1 b6 30. Nb3 f6 31. Nd4 Bd7 32. f4 Kf7 33. h4 Kg6 34. g4 h5 35. g5 f5 36. Ke2 Kf7 37. Kd3 Ke8 38. Kc4 Kd8 39. b4 Kc7 40. Nb5+ Kb7 41. Nd6+ Ka6 42. b5+ Ka7 43. Nf7 Kb7 44. a4 Kc7 45. Kd4 Be8 46. g6 Kd7 47. Nd6 Bxg6 48. Kc4 Bh7 49. Kd4 g5 50. hxg5 h4 51. Ke3 Bg6 52. Kf2 Bh5 53. Nc4 Kc7 54. Kg2 Be2 55. g6 Bh5 56. g7 Bf7 57. Kh3 Kd7 58. Nxb6+ Ke7 59. Nc8+ Kd7 60. Nd6 Bg8 61. Kxh4 Kc7 62. Ne8+ Kb6 63. Nf6 Bf7 64. g8Q Bxg8 65. Nxg8 Kc5 66. Kg5 Kb4 67. b6 Kxa4 68. b7 Ka3 69. b8Q a4 70. Qd6+ Ka2 71. Qxe6+ Ka1 72. Qc4 a3 73. Kxf5 a2 74. Qc1# 1-0

[Event "CAN-ch U14 Girls"]
[Site "Windsor"]
[Date "2010.07.08"]
[Round "6"]
[White "Ding, Jill"]
[Black "Roussel, Lauriane"]
[Result "1-0"]
[WhiteElo "1220"]
[BlackElo "1006"]
[PlyCount "91"]
[EventDate "2010.07.06"]
[EventType "swiss"]
[EventRounds "7"]
[EventCountry "CAN"]
[SourceTitle "EXT 2012"]
[Source "ChessBase"]
[SourceDate "2011.11.24"]
[SourceVersion "1"]
[SourceVersionDate "2011.11.24"]
[SourceQuality "1"]

1. e4 e5 2. d4 f6 3. Nf3 d6 4. d5 Ne7 5. Be3 Bg4 6. Be2 f5 7. Ng5 h6 8. Ne6 Qd7 9. Bxg4 fxg4 10. Qxg4 c6 11. c4 b5 12. b3 Na6 13. Qe2 Nb4 14. 0-0 Rc8 15. a3 cxd5 16. cxd5 Na6 17. Nd2 Nc5 18. Nxf8 Rxf8 19. b4 Na4 20. Rac1 Nb6 21. f3 g5 22. Qf2 Ra8 23. Rc3 Rc8 24. Rfc1 Nbxd5 25. Rxc8+ Nxc8 26. exd5 a6 27. Qg3 Ne7 28. Ne4 Nf5 29. Qf2 Rg8 30. Rc6 g4 31. Rxa6 Ke7 32. Ra7 Rc8 33. Rxd7+ Kxd7 34. Nf6+ Ke7 35. Nxg4 Rc1+ 36. Bxc1 Nd4 37. Qh4+ Kd7 38. Bxh6 Nc6 39. Nf6+ Kc7 40. dxc6 Kxc6 41. Qe4+ Kc7 42. Qd5 Kc8 43. Qc6+ Kb8 44. Nd7+ Ka7 45. Qb6+ Ka8 46. Qb8# 1-0

[Event "CAN-ch U14 Girls"]
[Site "Windsor"]
[Date "2010.07.08"]
[Round "5"]
[White "Roussel, Lauriane"]
[Black "Vyravanathan, Sobiga"]
[Result "0-1"]
[WhiteElo "1006"]
[BlackElo "1242"]
[PlyCount "56"]
[EventDate "2010.07.06"]
[EventType "swiss"]
[EventRounds "7"]
[EventCountry "CAN"]
[SourceTitle "EXT 2012"]
[Source "ChessBase"]
[SourceDate "2011.11.24"]
[SourceVersion "1"]
[SourceVersionDate "2011.11.24"]
[SourceQuality "1"]

1. e4 c5 2. Nf3 Nc6 3. Bc4 e6 4. d4 cxd4 5. Nxd4 Nf6 6. Nxc6 bxc6 7. Bg5 Qa5+ 8. Nc3 Qxg5 9. 0-0 Qe5 10. Re1 Bd6 11. g3 h5 12. f4 Qc5+ 13. Qd4 Qxd4+ 14. Kh1 Ng4 15. b3 Nf2+ 16. Kg2 Ng4 17. Kh3 Qxc3 18. Rac1 Bxf4 19. Rcd1 Nf2+ 20. Kg2 Nxd1 21. Rxd1 Qxc2+ 22. Kf3 Qxd1+ 23. Kxf4 Qd2+ 24. Kf3 g5 25. g4 Qf4+ 26. Kg2 hxg4 27. b4 Rxh2+ 28. Kg1 Qf2# 0-1

[Event "CAN-ch U14 Girls"]
[Site "Windsor"]
[Date "2010.07.06"]
[Round "1"]
[White "Giblon, Rebecca"]
[Black "Roussel, Lauriane"]
[Result "1-0"]
[WhiteElo "1493"]
[BlackElo "1006"]
[PlyCount "71"]
[EventDate "2010.07.06"]
[EventType "swiss"]
[EventRounds "7"]
[EventCountry "CAN"]
[SourceTitle "EXT 2012"]
[Source "ChessBase"]
[SourceDate "2011.11.24"]
[SourceVersion "1"]
[SourceVersionDate "2011.11.24"]
[SourceQuality "1"]

1. e4 e5 2. Nf3 Nc6 3. Nc3 d6 4. d4 Nxd4 5. Nxd4 exd4 6. Qxd4 Nf6 7. Bg5 c5 8. Qd3 Be6 9. Nd5 Bxd5 10. exd5 Be7 11. Qb3 b6 12. Bb5+ Nd7 13. Bf4 0-0 14. 0-0 Bf6 15. Bxd6 Be7 16. Bf4 Nf6 17. Rad1 Bd6 18. Bg5 h6 19. Bh4 Re8 20. Bxe8 Qxe8 21. Bxf6 gxf6 22. Rfe1 Be5 23. f4 Bd4+ 24. Kh1 Qd7 25. Qg3+ Qg4 26. Qxg4+ Kf8 27. c3 Bf2 28. Re2 Bd4 29. cxd4 cxd4 30. Rxd4 Rc8 31. Qxc8+ Kg7 32. f5 h5 33. Re3 a5 34. Rg3+ Kh7 35. Qg8+ Kh6 36. Qh8# 1-0

[Event "CAN-ch U14 Girls"]
[Site "Windsor"]
[Date "2010.07.06"]
[Round "2"]
[White "Roussel, Lauriane"]
[Black "Xiao, Alice"]
[Result "0-1"]
[WhiteElo "1006"]
[BlackElo "1720"]
[PlyCount "54"]
[EventDate "2010.07.06"]
[EventType "swiss"]
[EventRounds "7"]
[EventCountry "CAN"]
[SourceTitle "EXT 2012"]
[Source "ChessBase"]
[SourceDate "2011.11.24"]
[SourceVersion "1"]
[SourceVersionDate "2011.11.24"]
[SourceQuality "1"]

1. e4 c5 2. Nf3 Nc6 3. Bc4 e6 4. d4 cxd4 5. Nxd4 Nf6 6. Bd3 Nxd4 7. e5 Nd5 8. Be3 Nxe3 9. fxe3 Nc6 10. Nc3 Nxe5 11. Rf1 Qh4+ 12. g3 Qxh2 13. Ne4 d5 14. Qe2 Qxe2+ 15. Kxe2 Nxd3 16. cxd3 dxe4 17. d4 Bd7 18. Rad1 Bb5+ 19. Kf2 Bxf1 20. Rxf1 Bd6 21. Rd1 Rc8 22. d5 Rc2+ 23. Kf1 Ke7 24. Rd4 Rxb2 25. Rxe4 Rc8 26. Rd4 Rc1+ 27. Rd1 Rxd1# 0-1